000 00476nam a2200181Ia 4500
005 20250326123814.0
008 250326s9999 xx 000 0 und d
037 _aTextbook
040 _aFMSL
_beng
_cFMSL
041 _aeng
_2eng
084 _aS8 K9;3CC
_qFMSL
100 _aSherif M
245 0 _aSocial psychology
_cSherif M; Sherif C W
260 _aNY
_bNY, Harper & Row
_c1969
300 _a616p
942 _cTB
_hS8 K9;3CC
999 _c1271037
_d1271037